| 000 | 00679nam a2200253Ia 4500 | ||
|---|---|---|---|
| 001 | 2943 | ||
| 005 | 20240113233603.0 | ||
| 007 | ta | ||
| 008 | 050319s2001 a g b000 u eng u | ||
| 020 | _a0-`19-285374-0 | ||
| 040 | _aSKBL,Cotton College | ||
| 041 | _aeng | ||
| 082 |
_a181.4 _bHa 18 In |
||
| 100 | _aHamilton, Sue . | ||
| 245 | 0 |
_aIndian Philosophy;A Very Short Introduction / _cSue Hamilton. _hTextual Documents |
|
| 250 | _a1st. / | ||
| 260 |
_aOxford : _bOxford Universsity Press , _c2001. |
||
| 300 |
_a151 : _bill. ; _c18 cm. . |
||
| 504 | _aIndex | ||
| 653 | _aIndian Philosophy. | ||
| 942 |
_2ddc _cBK |
||
| 999 |
_c2931 _d2931 |
||